Which City in Maine? - Statistics

General Stats
  • This quiz has been taken 29 times
  • The average score is 13 of 20
Answer Stats
Description Letter City % Correct
State capital of Maine A Augusta
100%
Maine's largest city, located on Casco Bay P Portland
100%
Known as the home of Stephen King and the inspiration for his town of Derry B Bangor
84%
Walker's Point, the summer residence of the Bush family is in this coastal town K {Kennebunk}port
84%
Seat of Oxford County, named for a capital in Europe P Paris
80%
This tourist town serves as a gateway to Acadia National Park B Bar Harbor
72%
Suburb of the above where the Mall of Maine is located S South Portland
72%
Has Maine's only basilica, and is known for its large Somali immigrant population L Lewiston
68%
Located 13 miles north of the above C Caribou
64%
Largest city in northern Maine, with a name that means "peninsula" in French P Presque Isle
64%
Twin city of the above A Auburn
60%
The English city with the same name was originally called "Aquae Sulis" B Bath
60%
Home to the University of Maine O Orono
60%
Shares the Saco River delta with the city of Saco B Biddeford
56%
Neighbor of Portsmouth, New Hampshire that has Maine's southernmost point K Kittery
56%
Knox County seat, located on Penobscot Bay R Rockland
56%
Town with a popular clam festival Y Yarmouth
56%
L.L. Bean was founded and is headquartered here F Freeport
52%
Home to Colby College and Thomas College W Waterville
48%
Former textile mill city on the Mousam River S Sanford
36%
No matching quizzes found
Score Distribution
Percent of People with Each Score
Percentile by Number Answered
Your Score History
You have not taken this quiz